WHERE IS MY HUSBAND. - RAYE (Lyrics) - Statistics

General Stats
  • This quiz has been taken 15 times
  • The average score is 466 of 659
Answer Stats
Answer % Correct
a
100%
Baby
100%
baby
100%
Baby,
100%
He
100%
he
100%
(He
100%
he?
100%
husband?
100%
husband
100%
I
100%
is
100%
Is
100%
(Is
100%
my
100%
the
100%
Where
100%
where
100%
another?
93%
do,
93%
down
93%
hell
93%
love
93%
lover?
93%
oh
93%
(oh)
93%
Tell
93%
tell
93%
(tell
93%
with
93%
you
93%
You
93%
diamond
86%
Diamond
86%
find
86%
get
86%
Getting
86%
getting
86%
him
86%
him,
86%
him)
86%
like
86%
long
86%
me
86%
me)
86%
me,
86%
ring,
86%
ring
86%
so
86%
taking
86%
this
86%
This
86%
To
86%
to
86%
What
86%
man
79%
testing
79%
that
79%
that,
79%
would
79%
And
71%
and
71%
around
71%
big
71%
finger
71%
finger,
71%
it
71%
it,
71%
it?
71%
shiny
71%
uh
71%
uh,
71%
Uh,
71%
wave
71%
about
64%
at
64%
be
64%
can
64%
for
64%
For
64%
me-e-e?
64%
need
64%
no
64%
on
64%
talk,
64%
talk
64%
Why
64%
yeah)
64%
your
64%
Your
64%
coming
57%
could
57%
grandma
57%
if
57%
If
57%
I'm
57%
of
57%
Oh-oh,
57%
said
57%
wedding
57%
already
50%
beautiful
50%
heart
50%
how
50%
How
50%
okay?
50%
okay?)
50%
old?
50%
patience?
50%
see
50%
should
50%
Wait
50%
waiting
50%
waiting,
50%
when
50%
wife
50%
yearns
50%
(Ah)
43%
am
43%
been
43%
'bout
43%
(Completely)
43%
completely
43%
dress
43%
hello?
43%
Help
43%
help
43%
(help
43%
I've
43%
Lord
43%
must
43%
tie,
43%
up
43%
(woo-hoo)
43%
(Woo-hoo)
43%
(Woo-hoo,
43%
acrobatics,
36%
away?
36%
away?)
36%
day
36%
doubt
36%
ever
36%
far
36%
got
36%
here,
36%
holler
36%
living
36%
now,
36%
off
36%
(ooh)
36%
till
36%
time
36%
tired
36%
two
36%
uh-huh,
36%
uh-huh
36%
unzipping
36%
above
29%
ain't
29%
brown
29%
death,
29%
doing
29%
eyes
29%
God,
29%
gonna
29%
his
29%
hurry,
29%
hurry
29%
(hurry
29%
kept
29%
much
29%
one
29%
only
29%
Praying
29%
reviewing
29%
too
29%
Until
29%
want
29%
ya,
29%
ya
29%
(yes),
29%
5'5
21%
along
21%
anticipating
21%
applications
21%
arms
21%
doesn't
21%
fear
21%
forgive
21%
going,
21%
hands
21%
he's
21%
I'ma
21%
intend
21%
kind,
21%
lonely
21%
loving
21%
mm,
21%
mm
21%
other
21%
ready,
21%
rush
21%
While
21%
women
21%
alone,
14%
despite
14%
die
14%
fix
14%
frustrations
14%
growing
14%
huh-huh,
14%
mm-mm-mm
14%
sir)
14%
tryna
14%
turn
14%
Uh-uh,
14%
(t-t-t-tell
7%
uh-uh-uh,
7%
busy
0%
No matching quizzes found
Score Distribution
Percent of People with Each Score
Percentile by Number Answered
Your Score History
You have not taken this quiz